[Event "Vandoeuvre op 5th"]
[Site "Vandoeuvre"]
[Date "2008.12.26"]
[Round "1"]
[White "Vuillemard, Jean Marc"]
[Black "Rochette, Philippe"]
[Result "1-0"]
[WhiteElo "1822"]
[BlackElo "1725"]
[PlyCount "53"]
[EventDate "2008.12.26"]
[EventType "swiss"]
[EventRounds "9"]
[EventCountry "FRA"]
[SourceTitle "CBM 127 Extra"]
[Source "ChessBase"]
[SourceDate "2009.01.08"]
[SourceVersion "2"]
[SourceVersionDate "2009.01.28"]
[SourceQuality "1"]

1. e4 c5 2. Nc3 Nc6 3. g3 e6 4. Bg2 Nf6 5. f4 d5 6. e5 Nd7 7. Nf3 h6 8. 0-0 a6 9. d3 Be7 10. Ne2 g5 11. c3 b5 12. Be3 f5 13. exf6 Bxf6 14. fxg5 hxg5 15. d4 c4 16. Qc2 Rh6 17. h4 gxh4 18. Bxh6 hxg3 19. Qg6+ Ke7 20. Ng5 Kd6 21. Nf7+ Kc7 22. Nxd8 Nxd8 23. Rxf6 Nxf6 24. Bf4+ Kc6 25. Qxf6 Bd7 26. Qe5 Rc8 27. Qd6+ 1-0